[Event "Gatineau LEO-B"]
[Site "Gatineau CAN"]
[Date "2010.04.27"]
[Round "3"]
[White "Dagenais, Benoit"]
[Black "Menard, Marc"]
[Result "1-0"]
[WhiteElo "1394"]
[BlackElo "1612"]
[PlyCount "43"]
[EventDate "2010.04.13"]
[EventType "swiss"]
[EventRounds "6"]
[EventCountry "CAN"]
[Source "ChessBase"]
[SourceDate "2011.11.26"]

1. g3 e5 2. Nf3 e4 3. Nd4 c5 4. Nb3 Nc6 5. d3 Nf6 6. Bg5 d5 7. dxe4 dxe4 8.
Qxd8+ Nxd8 9. Nc3 Bf5 10. Bg2 Ne6 11. Bxf6 gxf6 12. Nxe4 Be7 13. O-O-O Rd8 14.
Rxd8+ Kxd8 15. Rd1+ Kc7 16. Rd5 b6 17. Rxf5 c4 18. Nbd2 Nd4 19. Rd5 Nxe2+ 20.
Kd1 Kc6 21. Nc5 Bxc5 22. Rd8+ 1-0

[Event "Gatineau LEO-B"]
[Site "Gatineau CAN"]
[Date "2010.04.27"]
[Round "3"]
[White "Danilov, Alex"]
[Black "MacIsaac, Alexandre"]
[Result "0-1"]
[WhiteElo "1824"]
[BlackElo "1648"]
[PlyCount "47"]
[EventDate "2010.04.13"]
[EventType "swiss"]
[EventRounds "6"]
[EventCountry "CAN"]
[Source "ChessBase"]
[SourceDate "2011.11.26"]

1. c4 e5 2. g3 Nf6 3. Bg2 Nc6 4. Nc3 Bb4 5. e4 O-O 6. Nge2 d6 7. O-O Be6 8. d3
Qd7 9. Nd5 Bxd5 10. cxd5 Ne7 11. d4 exd4 12. Nxd4 Bc5 13. Bg5 Ne8 14. Bh3 Qxh3
15. Bxe7 Nf6 16. Bxf8 Ng4 17. Nf3 Rxf8 18. Qd3 f5 19. exf5 g6 20. Rae1 Rxf5 21.
Re8+ Kg7 22. Qc3+ Kh6 23. Qd2+ Kh5 24. Rf8 0-1

[Event "Gatineau LEO-B"]
[Site "Gatineau CAN"]
[Date "2010.04.27"]
[Round "3"]
[White "Lavergne, Daniel"]
[Black "Guimond, Michel"]
[Result "1/2-1/2"]
[WhiteElo "1600"]
[BlackElo "1935"]
[PlyCount "80"]
[EventDate "2010.04.13"]
[EventType "swiss"]
[EventRounds "6"]
[EventCountry "CAN"]
[Source "ChessBase"]
[SourceDate "2011.11.26"]

1. d4 g6 2. Nf3 Bg7 3. c3 Nf6 4. Nbd2 O-O 5. e4 d6 6. Qc2 c5 7. dxc5 dxc5 8.
Bc4 Nc6 9. O-O Qc7 10. Re1 a6 11. a4 Na5 12. Ba2 c4 13. Nf1 Bd7 14. Bg5 Bc6 15.
Bxf6 Bxf6 16. Ne3 b5 17. Nd5 Bxd5 18. exd5 Rfd8 19. Rad1 Rd6 20. Qe4 Rad8 21.
h4 Nb7 22. axb5 axb5 23. Ne5 Nc5 24. Qf3 Bxe5 25. Rxe5 Ra6 26. Rde1 Rd7 27. Bb1
Ra1 28. R5e3 Qd6 29. h5 Nb3 30. hxg6 hxg6 31. Bc2 Qxd5 32. Qxd5 Rxe1+ 33. Rxe1
Rxd5 34. Rxe7 Nc5 35. Re8+ Kg7 36. Re2 f5 37. f4 Kf6 38. g3 g5 39. Kg2 g4 40.
Kf2 Nd3+ 1/2-1/2

[Event "Gatineau LEO-B"]
[Site "Gatineau CAN"]
[Date "2010.04.27"]
[Round "3"]
[White "Levesque, Andre"]
[Black "Dupont, Claude"]
[Result "1-0"]
[WhiteElo "1340"]
[BlackElo "1437"]
[PlyCount "45"]
[EventDate "2010.04.13"]
[EventType "swiss"]
[EventRounds "6"]
[EventCountry "CAN"]
[Source "ChessBase"]
[SourceDate "2011.11.26"]

1. e4 c5 2. Nc3 d6 3. g3 Nc6 4. Bg2 e5 5. d3 Nf6 6. Nh3 h6 7. O-O Be6 8. f4 Bg4
9. Qd2 exf4 10. Nxf4 Qd7 11. Ncd5 Nxd5 12. Nxd5 f6 13. Rxf6 O-O-O 14. Rf2 Ne7
15. Nf4 g5 16. Ne2 Bg7 17. c3 Ng6 18. d4 Bxe2 19. Rxe2 Rhf8 20. Qd1 Qg4 21. Be3
h5 22. Rf2 h4 23. Qxg4+ 1-0

[Event "Gatineau LEO-B"]
[Site "Gatineau CAN"]
[Date "2010.04.27"]
[Round "3"]
[White "Sabourin, Yves"]
[Black "Pilon, Robert"]
[Result "1/2-1/2"]
[WhiteElo "1473"]
[BlackElo "1459"]
[PlyCount "87"]
[EventDate "2010.04.13"]
[EventType "swiss"]
[EventRounds "6"]
[EventCountry "CAN"]
[Source "ChessBase"]
[SourceDate "2011.11.26"]

1. e4 e6 2. d4 d5 3. e5 c5 4. c3 Nc6 5. Nf3 Qb6 6. Be2 cxd4 7. cxd4 Nge7 8. Nc3
Nf5 9. Bb5 Bd7 10. Bxc6 Bxc6 11. O-O Be7 12. Qb3 Nxd4 13. Qxb6 Nxf3+ 14. gxf3
axb6 15. Be3 b5 16. Ne2 O-O 17. Rfc1 Rfc8 18. Bc5 Bxc5 19. Rxc5 b6 20. Rc2 Bd7
21. Rac1 Rxc2 22. Rxc2 Rc8 23. Rxc8+ Bxc8 24. a3 g5 25. f4 h6 26. Nd4 Bd7 27.
Kg2 Kg7 28. h4 Kg6 29. Kg3 f6 30. exf6 Kxf6 31. fxg5+ hxg5 32. hxg5+ Kxg5 33.
f4+ Kf6 34. Kf3 e5 35. fxe5+ Kxe5 36. Ke3 Kd6 37. Kd3 Kc5 38. Nb3+ Kd6 39. Kd4
Bf5 40. Nc1 Be4 41. Ne2 Bf3 42. Nc3 Kc6 43. b4 Bg2 44. Ne2 1/2-1/2

[Event "Gatineau LEO-B"]
[Site "Gatineau CAN"]
[Date "2010.04.27"]
[Round "3"]
[White "Scantland, Patrick"]
[Black "Rainey, Ivan"]
[Result "1-0"]
[WhiteElo "1734"]
[BlackElo "1387"]
[PlyCount "51"]
[EventDate "2010.04.13"]
[EventType "swiss"]
[EventRounds "6"]
[EventCountry "CAN"]
[Source "ChessBase"]
[SourceDate "2011.11.26"]

1. d4 Nf6 2. Nf3 g6 3. c4 Bg7 4. Nc3 d6 5. e4 O-O 6. Be2 e5 7. O-O Nc6 8. d5
Ne7 9. b4 a5 10. Ba3 Nh5 11. g3 Qe8 12. c5 f5 13. cxd6 cxd6 14. bxa5 fxe4 15.
Nxe4 Rxa5 16. Bxd6 Kh8 17. Bxe7 Qxe7 18. Nh4 Bh3 19. Re1 Nf4 20. d6 Nxe2+ 21.
Qxe2 Qd7 22. Rac1 Rc8 23. Rxc8+ Qxc8 24. Qd2 Qd8 25. Ng5 Qd7 26. Nxh3 {(+)} 1-0

[Event "Gatineau LEO-B"]
[Site "Gatineau CAN"]
[Date "2010.04.27"]
[Round "3"]
[White "Thibault, Mario"]
[Black "Arsenault, Michel"]
[Result "1-0"]
[WhiteElo "1763"]
[BlackElo "1837"]
[PlyCount "81"]
[EventDate "2010.04.13"]
[EventType "swiss"]
[EventRounds "6"]
[EventCountry "CAN"]
[Source "ChessBase"]
[SourceDate "2011.11.26"]

1. e4 e6 2. d4 c5 3. c3 cxd4 4. cxd4 Nf6 5. Nc3 Bb4 6. e5 Nd5 7. Bd2 Qb6 8. Nf3
Nc6 9. Nxd5 exd5 10. Bxb4 Qxb4+ 11. Qd2 O-O 12. Rc1 Qxd2+ 13. Kxd2 d6 14. Bb5
Bd7 15. exd6 Rac8 16. Rhe1 Rfd8 17. Re3 Be6 18. Rec3 Rxd6 19. Ne5 Rb8 20. Bxc6
bxc6 21. Nd3 Bd7 22. b3 f6 23. Nc5 Be8 24. Re1 Kf8 25. Rce3 Bg6 26. Re7 Re8 27.
Rxa7 Rxe1 28. Kxe1 Bf5 29. Kd2 h5 30. a4 h4 31. a5 h3 32. g3 Rd8 33. a6 Re8 34.
f3 g5 35. Rc7 g4 36. f4 Be4 37. a7 Bf3 38. Nd7+ Ke7 39. Nb8+ Ke6 40. a8=Q Kf5
41. Qxc6 1-0

[Event "Gatineau LEO-B"]
[Site "Gatineau CAN"]
[Date "2010.05.04"]
[Round "4"]
[White "Arsenault, Michel"]
[Black "Rainey, Ivan"]
[Result "1-0"]
[WhiteElo "1837"]
[BlackElo "1387"]
[PlyCount "113"]
[EventDate "2010.04.13"]
[EventType "swiss"]
[EventRounds "6"]
[EventCountry "CAN"]
[Source "ChessBase"]
[SourceDate "2011.11.26"]

1. e4 e6 2. d3 d5 3. Nd2 Nc6 4. Ngf3 dxe4 5. dxe4 Nf6 6. Bb5 Bd7 7. O-O a6 8.
Bxc6 Bxc6 9. Qe2 Bc5 10. e5 Nd5 11. Nb3 Bb6 12. Bg5 Qc8 13. a3 h6 14. Bd2 O-O
15. c4 Ne7 16. Bb4 Re8 17. Nfd4 Bxg2 18. Kxg2 c5 19. Nf3 cxb4 20. axb4 Ng6 21.
Qe4 Rf8 22. Kh1 f5 23. exf6 Rxf6 24. c5 Bc7 25. Rad1 Kh8 26. Nbd2 Rb8 27. Nc4
Qe8 28. Nd6 Bxd6 29. Rxd6 Qf7 30. Rg1 Rxf3 31. Rxg6 Rxf2 32. Rgxe6 Rf8 33.
Rxh6+ gxh6 34. Rxh6+ Kg8 35. Qg4+ Qg7 36. Rg6 Rf1+ 37. Kg2 R1f2+ 38. Kg3 R8f3+
39. Kh4 Rxh2+ 40. Kg5 Rh7 41. Qxf3 Qxg6+ 42. Kxg6 Rg7+ 43. Kf5 Rf7+ 44. Ke4
Rxf3 45. Kxf3 Kf7 46. Ke4 Ke7 47. Kd4 Kd7 48. Kc4 Kc6 49. b3 Kc7 50. b5 axb5+
51. Kxb5 Kb8 52. Kb6 Kc8 53. c6 bxc6 54. Kxc6 Kb8 55. Kb6 Kc8 56. b4 Kb8 57. b5
1-0

[Event "Gatineau LEO-B"]
[Site "Gatineau CAN"]
[Date "2010.05.04"]
[Round "4"]
[White "Arsenault, Yves"]
[Black "Danilov, Alex"]
[Result "0-1"]
[WhiteElo "1543"]
[BlackElo "1824"]
[PlyCount "147"]
[EventDate "2010.04.13"]
[EventType "swiss"]
[EventRounds "6"]
[EventCountry "CAN"]
[Source "ChessBase"]
[SourceDate "2011.11.26"]

1. e4 c5 2. Nf3 Nc6 3. d4 cxd4 4. Nxd4 g6 5. Bc4 Bg7 6. c3 Nf6 7. Nd2 d5 8.
exd5 Nxd5 9. N2f3 Nxd4 10. Nxd4 O-O 11. O-O e5 12. Ne2 Be6 13. Qb3 Rc8 14. Rd1
Rxc4 15. Qxc4 Nxc3 16. Rxd8 Rxd8 17. Nxc3 Bxc4 18. Be3 b6 19. f3 f5 20. Rc1 f4
21. Bf2 Kf7 22. b3 Be6 23. Ne4 h6 24. Kf1 Rd7 25. Be1 Bf8 26. Bc3 Ba3 27. Re1
Rd5 28. Ba1 Bb4 29. Rc1 Bd7 30. Bb2 Ke6 31. a3 Be7 32. Ke1 Bh4+ 33. g3 fxg3 34.
hxg3 Be7 35. Nc3 Rd6 36. Rc2 Bc6 37. Ke2 h5 38. a4 Bb7 39. Ba3 Ba6+ 40. Kf2 Rd3
41. Bxe7 Kxe7 42. b4 Bb7 43. Ne4 Bxe4 44. fxe4 Rd4 45. Rc7+ Kf6 46. Rxa7 Rxb4
47. Kf3 Rb3+ 48. Kg2 Kg5 49. Re7 Kf6 50. Rb7 Rb4 51. Ra7 Rxe4 52. Ra6 Kg5 53.
Rxb6 Rxa4 54. Rb5 Kf5 55. Kf3 Ra3+ 56. Kf2 Rd3 57. Rc5 g5 58. Ra5 Ke4 59. Ra4+
Rd4 60. Ra2 Kf5 61. Ke3 Kg4 62. Ra5 Rb4 63. Rxe5 Rb3+ 64. Kf2 Rf3+ 65. Kg2
Rxg3+ 66. Kf2 Kf4 67. Ra5 Rf3+ 68. Kg2 Re3 69. Ra7 Re2+ 70. Kf1 Rb2 71. Ra4+
Kg3 72. Ra3+ Kh4 73. Ra4+ g4 74. Kg1 0-1

[Event "Gatineau LEO-B"]
[Site "Gatineau CAN"]
[Date "2010.05.04"]
[Round "4"]
[White "Dagenais, Benoit"]
[Black "Scantland, Patrick"]
[Result "1/2-1/2"]
[WhiteElo "1394"]
[BlackElo "1734"]
[PlyCount "99"]
[EventDate "2010.04.13"]
[EventType "swiss"]
[EventRounds "6"]
[EventCountry "CAN"]
[Source "ChessBase"]
[SourceDate "2011.11.26"]

1. g3 Nf6 2. Bg2 g6 3. Nf3 Bg7 4. O-O O-O 5. d3 d6 6. e4 e5 7. Bg5 Be6 8. Nc3
c6 9. Re1 Nbd7 10. Qc1 b5 11. b4 Qb6 12. Be3 Qc7 13. Ng5 a6 14. Nxe6 fxe6 15.
Bh3 Rae8 16. a4 Qb7 17. axb5 cxb5 18. Qa3 Nb8 19. Qb3 Qd7 20. Ra2 h6 21. Nd5
Nxd5 22. exd5 Qc7 23. dxe6 Re7 24. c4 bxc4 25. dxc4 Rc8 26. c5 dxc5 27. Bxc5
Bf8 28. Bxe7 Bxe7 29. b5 Qb6 30. Rxe5 Rc1+ 31. Kg2 Qd4 32. bxa6 Nxa6 33. Qe3
Qd1 34. Qe1 Qxe1 35. Rxe1 Rxe1 36. Rxa6 Kg7 37. Ra2 Kf6 38. f4 g5 39. f5 h5 40.
g4 h4 41. Kf2 Rh1 42. Kg2 Rc1 43. Rf2 Bc5 44. Rf1 Rc2+ 45. Kh1 Bd6 46. Bg2 h3
47. Bf3 Rxh2+ 48. Kg1 Rd2 49. Ra1 Bc5+ 50. Kh1 1/2-1/2

[Event "Gatineau LEO-B"]
[Site "Gatineau CAN"]
[Date "2010.05.04"]
[Round "4"]
[White "Dupont, Claude"]
[Black "Berthiaume, Patrick"]
[Result "1/2-1/2"]
[WhiteElo "1437"]
[BlackElo "1256"]
[PlyCount "67"]
[EventDate "2010.04.13"]
[EventType "swiss"]
[EventRounds "6"]
[EventCountry "CAN"]
[Source "ChessBase"]
[SourceDate "2011.11.26"]

1. e4 e6 2. d4 d5 3. exd5 exd5 4. Nf3 Bf5 5. Bd3 Bg6 6. Bxg6 hxg6 7. c3 Nf6 8.
Bg5 Nbd7 9. Nbd2 Qe7+ 10. Qe2 O-O-O 11. Qxe7 Bxe7 12. O-O-O Bd6 13. h3 Rde8 14.
Rde1 Nh7 15. Be3 f5 16. g3 Rhf8 17. Ng5 Ndf6 18. Nxh7 Nxh7 19. f4 Nf6 20. Bf2
Kd7 21. Rxe8 Rxe8 22. Kd1 Ne4 23. Nxe4 Rxe4 24. Re1 b6 25. Rxe4 dxe4 26. b4 Ke6
27. Kc2 Kd5 28. Kb3 b5 29. h4 Be7 30. Be3 Bd6 31. Bd2 a6 32. Be1 e3 33. Kc2 Ke4
34. a3 1/2-1/2

[Event "Gatineau LEO-B"]
[Site "Gatineau CAN"]
[Date "2010.05.04"]
[Round "4"]
[White "Libersan, Mattieu"]
[Black "Lavergne, Daniel"]
[Result "0-1"]
[WhiteElo "1809"]
[BlackElo "1600"]
[PlyCount "100"]
[EventDate "2010.04.13"]
[EventType "swiss"]
[EventRounds "6"]
[EventCountry "CAN"]
[Source "ChessBase"]
[SourceDate "2011.11.26"]

1. e4 c5 2. Nf3 d6 3. d4 cxd4 4. Nxd4 Nf6 5. Nc3 g6 6. Be3 Bg7 7. f3 Nc6 8. Qd2
O-O 9. Bc4 Bd7 10. h4 Ne5 11. Bb3 Qa5 12. O-O-O Rfc8 13. Kb1 Rxc3 14. Qxc3 Qxc3
15. bxc3 Rc8 16. Kb2 a5 17. a3 Nc4+ 18. Bxc4 Rxc4 19. Ne2 Nxe4 20. fxe4 Rxe4
21. Bd4 Rxe2 22. Rhe1 Rxe1 23. Rxe1 e5 24. Bb6 a4 25. Bc7 Bc6 26. Bxd6 e4 27.
Bc5 f5 28. Bd4 Bf8 29. Rd1 Kf7 30. Be5 Be7 31. g3 h6 32. Rf1 Ke6 33. Bg7 g5 34.
Bxh6 gxh4 35. gxh4 Bxh4 36. Bf4 Bf6 37. Rh1 Be5 38. Rh6+ Kd5 39. Bxe5 Kxe5 40.
Kc1 e3 41. Kd1 f4 42. Ke2 Bd5 43. Rh8 Bc4+ 44. Kf3 Bd5+ 45. Ke2 Kf5 46. Rf8+
Kg4 47. Rc8 Bf3+ 48. Ke1 Kg3 49. Rg8+ Bg4 50. Rg7 f3 0-1

[Event "Gatineau LEO-B"]
[Site "Gatineau CAN"]
[Date "2010.05.04"]
[Round "4"]
[White "MacIsaac, Alexandre"]
[Black "Thibault, Mario"]
[Result "0-1"]
[WhiteElo "1648"]
[BlackElo "1763"]
[PlyCount "88"]
[EventDate "2010.04.13"]
[EventType "swiss"]
[EventRounds "6"]
[EventCountry "CAN"]
[Source "ChessBase"]
[SourceDate "2011.11.26"]

1. e4 c5 2. Nf3 g6 3. d4 cxd4 4. Nxd4 Nc6 5. Nc3 Nf6 6. Be3 Bg7 7. f3 O-O 8.
Qd2 d5 9. O-O-O dxe4 10. Nxc6 Qxd2+ 11. Rxd2 bxc6 12. Nxe4 Nxe4 13. fxe4 Be6
14. Kb1 Rab8 15. b3 a5 16. Bd4 Bh6 17. Rd1 a4 18. Be2 axb3 19. cxb3 Rb4 20. Bc5
Rxe4 21. Bf3 Re5 22. Bxe7 Bf5+ 23. Kb2 Rxe7 24. Bxc6 Bg7+ 25. Ka3 Ra7+ 26. Ba4
Rc8 27. Rc1 Rac7 28. Rxc7 Rxc7 29. b4 Bf8 30. Rd1 Rc4 31. Rd8 Kg7 32. Rb8 Bd6
33. Bb3 Bxb8 34. Bxc4 Bxh2 35. b5 Be4 36. g4 f5 37. gxf5 Bxf5 38. b6 g5 39. Bd5
g4 40. Kb4 Kf6 41. b7 Bd6+ 42. Kc4 Be6 43. a4 g3 44. Kd4 Be5+ 0-1

[Event "Gatineau LEO-B"]
[Site "Gatineau CAN"]
[Date "2010.05.04"]
[Round "4"]
[White "Menard, Marc"]
[Black "Beland, Guy"]
[Result "1-0"]
[WhiteElo "1612"]
[BlackElo "1431"]
[PlyCount "53"]
[EventDate "2010.04.13"]
[EventType "swiss"]
[EventRounds "6"]
[EventCountry "CAN"]
[Source "ChessBase"]
[SourceDate "2011.11.26"]

1. e4 c5 2. Nf3 Nc6 3. d4 cxd4 4. Nxd4 d6 5. Nc3 Nf6 6. Bb5 Bd7 7. O-O e5 8.
Nf5 Bxf5 9. exf5 a6 10. Ba4 b5 11. Bb3 Be7 12. Nd5 Nxd5 13. Bxd5 Qc7 14. f4 O-O
15. Be3 Rad8 16. c3 Bf6 17. a4 Na5 18. axb5 axb5 19. Qd3 Rb8 20. g4 Rfe8 21. g5
Bd8 22. g6 hxg6 23. fxg6 Re7 24. gxf7+ Rxf7 25. fxe5 Bf6 26. exf6 Rbf8 27. fxg7
1-0

[Event "Gatineau LEO-B"]
[Site "Gatineau CAN"]
[Date "2010.05.04"]
[Round "4"]
[White "Sabourin, Yves"]
[Black "Levesque, Andre"]
[Result "0-1"]
[WhiteElo "1473"]
[BlackElo "1340"]
[PlyCount "112"]
[EventDate "2010.04.13"]
[EventType "swiss"]
[EventRounds "6"]
[EventCountry "CAN"]
[Source "ChessBase"]
[SourceDate "2011.11.26"]

1. e4 c5 2. Nf3 Nc6 3. d4 cxd4 4. Nxd4 g6 5. Nc3 Bg7 6. Be3 Nf6 7. Be2 O-O 8.
O-O d6 9. a4 Bd7 10. Rb1 e5 11. Ndb5 Nd4 12. Nxd4 exd4 13. Bxd4 Bc6 14. f3 Qe7
15. b4 Ne8 16. b5 Bxd4+ 17. Qxd4 Bd7 18. Nd5 Qe5 19. Rfd1 Be6 20. Bc4 Bxd5 21.
Bxd5 Qe7 22. Rb3 Nc7 23. Bxb7 Ne6 24. Qd5 Nf4 25. Qc6 Rab8 26. Ba6 Qg5 27. g3
Nh3+ 28. Kg2 Nf4+ 29. Kf2 Ne6 30. Qd5 Qf6 31. Rbd3 Nc5 32. Rd4 Nxa6 33. bxa6
Rb6 34. a5 Rbb8 35. Qxd6 Qg5 36. Rd5 Qh6 37. h4 Rfc8 38. c4 Rb2+ 39. R1d2 Rbb8
40. Qd8+ Rxd8 41. Rxd8+ Rxd8 42. Rxd8+ Kg7 43. f4 Qh5 44. Rd5 Qg4 45. c5 Qe6
46. Ke3 Qxa6 47. Kd4 Qxa5 48. c6 Qb6+ 49. Rc5 Qc7 50. e5 a5 51. Kc4 a4 52. Kd5
a3 53. Rc2 Qa5+ 54. Kd6 Qa6 55. Kd7 Qd3+ 56. Ke7 Qxc2 0-1

[Event "Gatineau LEO-B"]
[Site "Gatineau CAN"]
[Date "2010.05.11"]
[Round "5"]
[White "Arsenault, Yves"]
[Black "Libersan, Mattieu"]
[Result "0-1"]
[WhiteElo "1543"]
[BlackElo "1809"]
[PlyCount "52"]
[EventDate "2010.04.13"]
[EventType "swiss"]
[EventRounds "6"]
[EventCountry "CAN"]
[Source "ChessBase"]
[SourceDate "2011.11.26"]

1. e4 c5 2. Nf3 Nc6 3. d4 cxd4 4. Nxd4 Nf6 5. Nc3 e5 6. Ndb5 d6 7. Bg5 a6 8.
Na3 b5 9. Nd5 Be7 10. Nxe7 Nxe7 11. Bd3 d5 12. Bxf6 gxf6 13. Qf3 f5 14. Rd1
fxe4 15. Bxe4 Qa5+ 16. c3 dxe4 17. Qxe4 Ra7 18. Qxe5 O-O 19. O-O Ng6 20. Qg3 f5
21. h4 f4 22. Qg5 Rg7 23. Qd5+ Kh8 24. h5 Bb7 25. Qd4 Nh4 26. h6 Nf3+ 0-1

[Event "Gatineau LEO-B"]
[Site "Gatineau CAN"]
[Date "2010.05.11"]
[Round "5"]
[White "Berthiaume, Serge"]
[Black "Dupont, Claude"]
[Result "1-0"]
[WhiteElo "1300"]
[BlackElo "1437"]
[PlyCount "50"]
[EventDate "2010.04.13"]
[EventType "swiss"]
[EventRounds "6"]
[EventCountry "CAN"]
[Source "ChessBase"]
[SourceDate "2011.11.26"]

1. d4 d5 2. Nf3 Nc6 3. Bf4 e6 4. e3 Bd6 5. Bg3 Bxg3 6. hxg3 Bd7 7. Bd3 f5 8. c4
dxc4 9. Bxc4 Qe7 10. Nc3 O-O-O 11. a3 Nf6 12. b4 Nb8 13. Ne5 Nc6 14. Nxd7 Nxd7
15. Qa4 Nb6 16. Qb3 Nxc4 17. Qxc4 a6 18. Ke2 b5 19. Qxc6 Qd6 20. Qxd6 Rxd6 21.
f4 h5 22. Nd1 c6 23. Nb2 g6 24. Nd3 Kc7 25. Ne5 Rg8 {...(26)} 1-0

[Event "Gatineau LEO-B"]
[Site "Gatineau CAN"]
[Date "2010.05.11"]
[Round "5"]
[White "Danilov, Alex"]
[Black "Arsenault, Michel"]
[Result "1/2-1/2"]
[WhiteElo "1824"]
[BlackElo "1837"]
[PlyCount "98"]
[EventDate "2010.04.13"]
[EventType "swiss"]
[EventRounds "6"]
[EventCountry "CAN"]
[Source "ChessBase"]
[SourceDate "2011.11.26"]

1. c4 c5 2. Nc3 Nc6 3. g3 g6 4. Bg2 Bg7 5. e4 d6 6. Nf3 e5 7. O-O Nge7 8. d3
O-O 9. Nd5 h6 10. Be3 Be6 11. Qd2 Kh7 12. a3 Nd4 13. Bxd4 cxd4 14. Nh4 Bxd5 15.
exd5 f5 16. f4 exf4 17. gxf4 Ng8 18. Qf2 Re8 19. Bf3 Qf6 20. Rae1 Qf7 21. Re6
Rxe6 22. dxe6 Qxe6 23. Re1 Qd7 24. Qg2 Ne7 25. Rxe7 Qxe7 26. Qxg6+ Kh8 27. Nxf5
Qf6 28. Qxf6 Bxf6 29. Nxd6 Rf8 30. Bxb7 Be7 31. Nc8 Bd8 32. b4 Rxf4 33. Nxa7
Rf7 34. Nc6 Bf6 35. Na5 Bd8 36. Bd5 Rg7+ 37. Kf1 Bxa5 38. bxa5 Ra7 39. Bc6 Rxa5
40. a4 Kg7 41. Kf2 Kf6 42. Bb5 Kf5 43. Kf3 Ra7 44. c5 Rc7 45. c6 Ra7 46. Kg3
Kg5 47. h3 Rc7 48. Kf3 Kf5 49. Kg3 Kg5 1/2-1/2

[Event "Gatineau LEO-B"]
[Site "Gatineau CAN"]
[Date "2010.05.11"]
[Round "5"]
[White "Guimond, Michel"]
[Black "MacIsaac, Alexandre"]
[Result "1-0"]
[WhiteElo "1935"]
[BlackElo "1648"]
[PlyCount "41"]
[EventDate "2010.04.13"]
[EventType "swiss"]
[EventRounds "6"]
[EventCountry "CAN"]
[Source "ChessBase"]
[SourceDate "2011.11.26"]

1. e4 c5 2. Nf3 e6 3. d4 cxd4 4. Nxd4 Nc6 5. c3 Nf6 6. Bd3 Qb6 7. Nb3 d5 8. Be3
Qc7 9. N1d2 Ne5 10. Bc2 Neg4 11. Bg5 dxe4 12. Nxe4 Qe5 13. f4 Qd5 14. Qf3 Be7
15. Rd1 Qc6 16. Na5 Qc7 17. Ba4+ Kf8 18. Nb3 Nxe4 19. Bxe7+ Kxe7 20. Qxe4 Nf6
21. Qb4+ 1-0

[Event "Gatineau LEO-B"]
[Site "Gatineau CAN"]
[Date "2010.05.11"]
[Round "5"]
[White "Levesque, Andre"]
[Black "Menard, Marc"]
[Result "0-1"]
[WhiteElo "1340"]
[BlackElo "1612"]
[PlyCount "132"]
[EventDate "2010.04.13"]
[EventType "swiss"]
[EventRounds "6"]
[EventCountry "CAN"]
[Source "ChessBase"]
[SourceDate "2011.11.26"]

1. e4 e5 2. Nf3 Nc6 3. Bb5 a6 4. Ba4 Nf6 5. O-O b5 6. Bb3 Be7 7. Re1 d6 8. h3
O-O 9. c3 Bb7 10. d3 Na5 11. Bc2 c5 12. Nbd2 c4 13. b4 cxd3 14. Bxd3 Nc6 15.
Nf1 Rc8 16. Ng3 Qc7 17. Nf5 Rfe8 18. Bc2 Bf8 19. Bb3 h6 20. N3h4 Ne7 21. Nxe7+
Bxe7 22. Qf3 Qxc3 23. Qxc3 Rxc3 24. Bb2 Rc7 25. f3 Nh5 26. Nf5 Nf4 27. Red1 Rc6
28. Rac1 Ne2+ 29. Kf1 Nxc1 30. Rxc1 Rxc1+ 31. Bxc1 Kf8 32. Ke2 Rc8 33. Be3 Rc7
34. g4 d5 35. exd5 Bxb4 36. d6 Rd7 37. f4 Bxd6 38. Nxd6 exf4 39. Bxf4 g5 40.
Bg3 Re7+ 41. Kf2 Be4 42. h4 Bd3 43. Bd1 Bc4 44. a3 Rd7 45. hxg5 hxg5 46. Bf3
Ke7 47. Nf5+ Ke6 48. Be2 Rd2 49. Ng7+ Kf6 50. Nf5 Rxe2+ 51. Kg1 Bd5 52. Kf1 Bc4
53. Kg1 Ra2 54. Bd6 Bd5 55. Ne3 Be4 56. Bb4 a5 57. Bc5 Ke5 58. Bf8 f5 59. gxf5
Bxf5 60. Bg7+ Kf4 61. Ng2+ Kf3 62. Ne1+ Ke2 63. Ng2 Be4 64. Bf8 Ra1+ 65. Kh2
Rf1 66. Kg3 Rxf8 0-1

[Event "Gatineau LEO-B"]
[Site "Gatineau CAN"]
[Date "2010.05.11"]
[Round "5"]
[White "Mohit, Surdasji"]
[Black "Sabourin, Yves"]
[Result "0-1"]
[WhiteElo "1575"]
[BlackElo "1473"]
[PlyCount "84"]
[EventDate "2010.04.13"]
[EventType "swiss"]
[EventRounds "6"]
[EventCountry "CAN"]
[Source "ChessBase"]
[SourceDate "2011.11.26"]

1. e4 e5 2. Nf3 Nf6 3. Nxe5 d6 4. Nf3 Nxe4 5. d4 Be7 6. Bd3 Bf5 7. Nbd2 d5 8.
Qe2 Nxd2 9. Bxf5 Nxf3+ 10. Qxf3 O-O 11. Bf4 c6 12. O-O-O g6 13. Bh6 Bg5+ 14.
Kb1 Bxh6 15. Qg3 Qg5 16. Bd3 Qxg3 17. hxg3 Bg7 18. c3 Nd7 19. g4 Nf6 20. f3 h6
21. Rde1 Rfe8 22. g3 Rxe1+ 23. Rxe1 Re8 24. Rxe8+ Nxe8 25. f4 g5 26. f5 Nf6 27.
Be2 Ne4 28. Kc2 Nxg3 29. Bd3 h5 30. gxh5 Nxh5 31. Be2 Nf4 32. Bg4 f6 33. Kd2
Kf7 34. Ke3 Ke7 35. Kd2 Kd6 36. b4 b6 37. a3 c5 38. Ke3 cxb4 39. cxb4 a5 40. b5
a4 41. Kd2 Kc7 42. Ke3 Bf8 0-1

[Event "Gatineau LEO-B"]
[Site "Gatineau CAN"]
[Date "2010.05.11"]
[Round "5"]
[White "Morel, Joseph"]
[Black "Beland, Guy"]
[Result "1-0"]
[WhiteElo "1326"]
[BlackElo "1431"]
[PlyCount "53"]
[EventDate "2010.04.13"]
[EventType "swiss"]
[EventRounds "6"]
[EventCountry "CAN"]
[Source "ChessBase"]
[SourceDate "2011.11.26"]

1. e4 c5 2. Nf3 Nc6 3. c3 e6 4. d4 cxd4 5. cxd4 d5 6. e5 Bb4+ 7. Nc3 Nge7 8. a3
Bxc3+ 9. bxc3 O-O 10. Bd3 Bd7 11. O-O Rc8 12. Qc2 Nf5 13. Bg5 Qe8 14. Nh4 Ncxd4
15. Qb2 Nxh4 16. cxd4 Nf5 17. Bxf5 exf5 18. Qxb7 h6 19. Bf4 g5 20. Bd2 a6 21.
Bb4 Bc6 22. Qxa6 Bb5 23. Qxh6 f6 24. Bxf8 Qxf8 25. Qxf8+ Kxf8 26. Rfe1 fxe5 27.
Rxe5 1-0

[Event "Gatineau LEO-B"]
[Site "Gatineau CAN"]
[Date "2010.05.11"]
[Round "5"]
[White "Pilon, Robert"]
[Black "Dagenais, Benoit"]
[Result "0-1"]
[WhiteElo "1459"]
[BlackElo "1394"]
[PlyCount "80"]
[EventDate "2010.04.13"]
[EventType "swiss"]
[EventRounds "6"]
[EventCountry "CAN"]
[Source "ChessBase"]
[SourceDate "2011.11.26"]

1. e4 Nf6 2. e5 Nd5 3. d4 c5 4. c3 cxd4 5. cxd4 Nc6 6. Nc3 Nxc3 7. bxc3 b5 8.
a3 e6 9. Nf3 Qa5 10. Bb2 Ne7 11. Bd3 Nd5 12. Qd2 Bb7 13. Be4 Rc8 14. Bxd5 Bxd5
15. O-O Be7 16. Qe3 O-O 17. Rfc1 h6 18. h4 Bxf3 19. Qxf3 Bxh4 20. Qd3 Bg5 21.
Rc2 a6 22. c4 Qc7 23. c5 Qc6 24. Bc1 Bxc1 25. Raxc1 Rb8 26. Rb2 f6 27. exf6
Rxf6 28. a4 Rbf8 29. axb5 axb5 30. Rcc2 Rb8 31. Rb4 Qd5 32. Qg3 Rbf8 33. Qe3
Rg6 34. g3 Rf3 35. Qe2 Rg5 36. Rxb5 Rh5 37. Rb8+ Kh7 38. Rb5 Ra3 39. f3 Ra1+
40. Kg2 Rh2+ 0-1

[Event "Gatineau LEO-B"]
[Site "Gatineau CAN"]
[Date "2010.05.11"]
[Round "5"]
[White "Rainey, Ivan"]
[Black "Berthiaume, Patrick"]
[Result "1-0"]
[WhiteElo "1387"]
[BlackElo "1256"]
[PlyCount "31"]
[EventDate "2010.04.13"]
[EventType "swiss"]
[EventRounds "6"]
[EventCountry "CAN"]
[Source "ChessBase"]
[SourceDate "2011.11.26"]

1. d4 d5 2. c4 c6 3. Nc3 Nf6 4. Bg5 e6 5. e3 Be7 6. Nf3 Nbd7 7. cxd5 exd5 8.
Bd3 c5 9. Bxf6 Nxf6 10. dxc5 Bxc5 11. b4 Bxb4 12. Qa4+ Bd7 13. Qxb4 Rc8 14. O-O
a5 15. Qa3 b5 16. Nxb5 1-0